| 000 | 00782nas a2200229 4500 | ||
|---|---|---|---|
| 001 | BR8707376 | ||
| 003 | BR-BrBNA | ||
| 005 | 20231205090929.0 | ||
| 007 | ta | ||
| 008 | 230509b bl.|||p| |||| 00| 00por d | ||
| 040 |
_aBR-BrBNA _bpor _cBiblioteca Nacional de Agricultura |
||
| 041 | _a(Pt) | ||
| 072 | _aL70 | ||
| 100 | 1 | _aAlmeida, L.B. de | |
| 100 | 1 | _aPenteado, M. de V.C. | |
| 245 | 1 | _aCarotenoides e valor pro-vitaminico e da mandioquinha (Arracacia xanthorrhiza Banor.)consumida em Sao Paulo | |
| 650 | _aMANDIOQUINHA-SALSA | ||
| 650 | _aVITAMINA A | ||
| 773 | 0 |
_tRevista de Farmacia e Bioquimica da Universidade de Sao Paulo (Brazil) _xISSN 0370-4726 _g(Jan-Jun 1987), v. 23(1) p. 52-57 _wBR8707376 |
|
| 909 |
_a202311 _bLúcia _c55 _dLúcia Elande |
||
| 942 |
_2AGRIS _n0 _cANA |
||
| 999 |
_c121694 _d121694 |
||